ბათუმის შოთა რუსთაველის სახელმწიფო უნივერსიტეტის ბიბლიოთეკა

Муниципадьное право. (ბიბ.ჩანაწერი № 35953)

000 -LEADER
fixed length control field 00508nam a2200205Ia 4500
001 - CONTROL NUMBER
control field 1852
003 - CONTROL NUMBER IDENTIFIER
control field GE_BSU
008 - FIXED-LENGTH DATA ELEMENTS--GENERAL INFORMATION
fixed length control field 181216s||||||||xx |||||||||||||| ||und||
040 ## - CATALOGING SOURCE
Transcribing agency GE_BSU
080 ## - UNIVERSAL DECIMAL CLASSIFICATION NUMBER
Universal Decimal Classification number 351(075.8)
100 ## - MAIN ENTRY--PERSONAL NAME
Personal name Чаннов, С.Е.
245 ## - TITLE STATEMENT
Title Муниципадьное право.
245 ## - TITLE STATEMENT
Remainder of title Конспекти лекций
260 ## - PUBLICATION, DISTRIBUTION, ETC.
Place of publication, distribution, etc. Москва
260 ## - PUBLICATION, DISTRIBUTION, ETC.
Name of publisher, distributor, etc. Юрфйт
260 ## - PUBLICATION, DISTRIBUTION, ETC.
Date of publication, distribution, etc. 2007
300 ## - PHYSICAL DESCRIPTION
Extent 192 с.
653 ## - INDEX TERM--UNCONTROLLED
Uncontrolled term Муниципадьное право
942 ## - ADDED ENTRY ELEMENTS (KOHA)
Koha item type წიგნი
ეგზემპლარები
Withdrawn status Lost status Damaged status Not for loan Date acquired Barcode Date last seen Price effective from Koha item type
        2018-12-17 3748 2018-12-17 2018-12-17 წიგნი